Chanson de Sardou avec une image pour indice 1 - Statistiques

Statistiques générales
  • Ce quiz a été pris 261 fois
  • Le résultat moyen est 5 sur 10
Statistiques - réponses
Par images Réponse % Correct
musulmane
76%
j'accuse
75%
rouge
61%
les bals populaires
60%
je viens du sud
53%
le rire du sergent
47%
être une femme
46%
les deux écoles
23%
les yeux d'un animal
17%
salut
5%
Aucun quiz correspondant
Distribution des résultats
% des personnes avec chaque résultat
Percentile par nombre de réponses
Votre historique - résultats
Vous n’avez pas pris ce quiz